| 000 | 01133nam a22002537a 4500 | ||
|---|---|---|---|
| 999 |
_c96114 _d96114 |
||
| 005 | 20210728112138.0 | ||
| 010 | _aEN-99493 B-740663 | ||
| 020 |
_a9780143423980 _c899.00 |
||
| 035 | _aB-606224-237 EN-99493 | ||
| 035 | _aB-664984 | ||
| 035 | _aB-740663 | ||
| 037 |
_adpl _bDBAD/PUB |
||
| 037 | _bGift | ||
| 082 | _a954 | ||
| 245 |
_aSources of Indian traditions: _bmodern India, Pakistan and Bangladesh / _cedited by Rachel fell McDermott [et al...] |
||
| 250 | _a3rd ed. | ||
| 260 |
_aGurgaon _bPenguin Group _c2014 |
||
| 270 |
_a7th Floor, Infinity Tower C, DLF Cyber City _bGurgaon _e122002, Haryana, India |
||
| 300 |
_alv, 963p. _c21cm(pbk) |
||
| 942 |
_2ddc _cEN _h954 _mSOU |
||